Möglichkeiten und Grenzen der forensisch-psychiatrischen Begutachtung

Guardado en:  
Detalles Bibliográficos
Autor principal: Cabanis, Detlef (Autor)
Tipo de documento: Print Libro
Lenguaje:Alemán
Publicado: Köln [u.a.] Heymanns 1971
En:Año: 1971
Disponibilidad en Tübingen:Disponible en Tübingen.
IFK: M IX 80
Verificar disponibilidad: HBZ Gateway
Servicio de pedido Subito: Pedir ahora.
Palabras clave:

MARC

LEADER 00000cam a2200000 c 4500
001 197386652
003 DE-627
005 20260206201703.0
007 tu
008 921229s1971 gw ||||| 00| ||ger c
015 |a 82,A26,0340  |2 dnb 
016 7 |a 820662380  |2 DE-101 
020 |a 3452172821  |9 3-452-17282-1 
035 |a (DE-627)197386652 
035 |a (DE-603)05430833X 
035 |a (DE-576)031272886 
035 |a (DE-599)GBV197386652 
035 |a (OCoLC)636090890 
035 |a (OCoLC)636090890 
035 |a (OCoLC)08902651 
040 |a DE-627  |b ger  |c DE-627  |e rakwb 
041 |a ger 
044 |c XA-DE 
082 0 |a 340.6 
084 |a 33  |a 19  |2 sdnb 
084 |a PH 9020  |2 rvk  |0 (DE-625)rvk/136530: 
084 |a PH 8300  |2 rvk  |0 (DE-625)rvk/136497: 
100 1 |8 1\p  |a Cabanis, Detlef  |0 (DE-588)172029732  |0 (DE-627)696929430  |0 (DE-576)132904918  |4 aut 
109 |a Cabanis, Detlef  |a Cabanis, D. 
245 1 0 |a Möglichkeiten und Grenzen der forensisch-psychiatrischen Begutachtung  |c von Detlef Cabanis 
264 1 |a Köln [u.a.]  |b Heymanns  |c 1971 
300 |a 39 S. 
336 |a Text  |b txt  |2 rdacontent 
337 |a ohne Hilfsmittel zu benutzen  |b n  |2 rdamedia 
338 |a Band  |b nc  |2 rdacarrier 
583 1 |a Archivierung prüfen  |c 20240324  |f DE-4165  |z 2  |2 pdager 
650 4 |a Psychiatrisches Gutachten 
883 |8 1\p  |a cgwrk  |d 20241001  |q DE-101  |u https://d-nb.info/provenance/plan#cgwrk 
935 |i Blocktest 
935 |h HEB  |i 0501 
935 |h HEB  |i 0503 
936 r v |a PH 9020  |b Strafjustiz; Strafverfahren; Rechtsmedizin; Gerichtlicher Sachverständiger; Gerichtliche Psychiatrie; Kriminalpsychiatrie; Gerichtliche Psychologie; Aussagepsychologie  |k Rechtswissenschaft  |k Strafrecht, Strafverfahrensrecht, Kriminologie  |k Kriminologie  |k Strafverfahren und Strafvollzug; Empirische Bezugswissenschaften zur Kriminalrechtspflege; Forschung zu strafrechtlicher Sozialkontrolle  |k Strafjustiz; Strafverfahren; Rechtsmedizin; Gerichtlicher Sachverständiger; Gerichtliche Psychiatrie; Kriminalpsychiatrie; Gerichtliche Psychologie; Aussagepsychologie  |0 (DE-627)1271677156  |0 (DE-625)rvk/136530:  |0 (DE-576)201677156 
936 r v |a PH 8300  |b Kriminalbiologie; Kriminalanthropologie; Kriminalethologie; Kriminalpsychologie; Kriminalsoziologie, Abweichendes Verhalten/Soziologie; Labeling approach; Radikale Kriminologie, Kritische Kriminologie  |k Rechtswissenschaft  |k Strafrecht, Strafverfahrensrecht, Kriminologie  |k Kriminologie  |k Kriminalitätstheorien  |k Kriminalbiologie; Kriminalanthropologie; Kriminalethologie; Kriminalpsychologie; Kriminalsoziologie, Abweichendes Verhalten/Soziologie; Labeling approach; Radikale Kriminologie, Kritische Kriminologie  |0 (DE-627)1271739763  |0 (DE-625)rvk/136497:  |0 (DE-576)201739763 
936 s n |a p100  |2 mzub 
936 s n |a w200  |2 mzub 
951 |a BO 
ELC |b 1 
LOK |0 000 xxxxxcx a22 zn 4500 
LOK |0 001 3156114979 
LOK |0 003 DE-627 
LOK |0 004 197386652 
LOK |0 005 20130605163109 
LOK |0 008 921229||||||||||||||||ger||||||| 
LOK |0 040   |a DE-21-110  |c DE-627  |d DE-21-110 
LOK |0 689   |a s  |a Gerichtspsychiatrisches Gutachten 
LOK |0 852   |a DE-21-110 
LOK |0 852 1  |c M IX 80  |m p  |9 00 
LOK |0 935   |a k110 
LOK |0 936ln  |a 8.6.6 
LOK |0 938   |k p 
LOK |0 939   |a 29-12-92  |b l01 
ORI |a SA-MARC-krimdoka001.raw 
SIG |a IFK: M IX 80